Statistics for Lana Del Rey - Did you know that there's a tunnel under Ocean Blvd

Click here to take the quiz!

General Stats

  • This quiz has been taken 274 times
    (206 since last reset)
  • The average score is 225 of 311

Answer Stats

Answer% Correct
you,
100%
you
100%
a
99%
Did
99%
know
99%
Ocean
99%
the
99%
tunnel
99%
under
99%
that
98%
There's
98%
there's
98%
Boulevard
95%
Boulevard?
95%
I
91%
me"
91%
me
91%
me,
91%
Don't
84%
don't
84%
"Don't
84%
Don't
84%
don't,
84%
forget
84%
Like
84%
like
84%
my
84%
love
82%
love
82%
it
80%
to
80%
Fuck
77%
until
75%
be
74%
death,
74%
myself
74%
tell
74%
gonna
68%
turn?
66%
up,
66%
up
66%
When's
66%
on
65%
on,
65%
Open
63%
he
61%
in
58%
No,
58%
can
56%
wall
56%
who
55%
And
54%
California"
54%
feel
54%
she
54%
man
53%
but
52%
But
52%
body
50%
because
49%
ceilings,
49%
girl
49%
"Hotel
49%
I'm
49%
painted
49%
soul
49%
can't
48%
Not
48%
It's
47%
just
47%
tiles
47%
by
45%
sings
44%
wish
44%
beauty
43%
friend
43%
had
42%
help
42%
him,
42%
someone
42%
world,
42%
by
41%
sound
41%
baby,
39%
she's
39%
makes
37%
walls
37%
song,
36%
two
36%
get
35%
Handmade
35%
loves
35%
or
35%
says
35%
down
34%
Florida
34%
his
34%
man-made
34%
only
34%
Something
34%
at
33%
sealed
33%
way
33%
about
32%
have
32%
preserved,
32%
voice
32%
breaks
30%
corridor
30%
found
30%
notes
30%
door
29%
few
29%
silver
29%
"Come
28%
has
28%
marred
28%
somewhat
28%
2:05
27%
Nilsson
27%
sounds
27%
running
26%
thrive"
26%
Harry
25%
mirrors,
24%
back,
22%
ear
20%
Camarillo,
18%
Leaning
17%
whispering
17%
Mosiac
16%

Score Distribution

Percentile by Number Answered

Percent of People with Each Score

Your Score History

You have not taken this quiz since the last reset